Trendy vo výstavníctve v roku 2019
Zmeny na trhu v oblasti veľtrhov. Hlavné trendy vo výstavníctve. Špecifiká lokálneho trhu oproti zahraničiu.
Guardado en:
| Autor principal: | |
|---|---|
| Formato: | Capítulo de libro |
| Lenguaje: | eslovaco |
| Materias: | |
| Etiquetas: |
Sin Etiquetas, Sea el primero en etiquetar este registro!
|
MARC
| LEADER | 00000naa a2200000 4500 | ||
|---|---|---|---|
| 001 | 0250032 | ||
| 005 | 20190110100358.0 | ||
| 041 | 0 | |a slo | |
| 044 | |a SK | ||
| 245 | 1 | 0 | |a Trendy vo výstavníctve v roku 2019 |c Jiří Kuliš |
| 520 | |a Zmeny na trhu v oblasti veľtrhov. Hlavné trendy vo výstavníctve. Špecifiká lokálneho trhu oproti zahraničiu. | ||
| 610 | 2 | 0 | |a výstavy |
| 610 | 2 | 0 | |a veľtrhy |
| 610 | 2 | 0 | |a komunikácia marketingová |
| 610 | 2 | 0 | |a propagácia |
| 100 | 1 | |a Kuliš, Jiří | |